Código Penal de la Nación Argentina comentado : Parte Especial /

Guardado en:
Autor Principal: Tazza, Alejandro.
Formato: Libro
Idioma:Spanish
Publicado: Santa Fe : Rubinzal-Culzoni, 2018.
Edición:2a. ed. act.
Materias:
Etiquetas: Agregar Etiqueta
Sin Etiquetas, Sea el primero en etiquetar este registro!
LEADER 00663nam a22001815a 4500
001 DER.der014607
008 200310s2018####ag############000#0#spa#d
005 20231009110620.0
245 1 0 |a Código Penal de la Nación Argentina comentado :  |b Parte Especial /  |c Alejandro Tazza. 
250 |a 2a. ed. act. 
260 |a Santa Fe :  |b Rubinzal-Culzoni,  |c 2018. 
300 |a 3 v. 
020 |a 9789873013119 
100 1 |a Tazza, Alejandro. 
650 7 |a DERECHO PENAL - PARTE ESPECIAL 
859 |a DERECHO  |b BIB. DERECHO  |h 345  |i TAZ  |p 009906  |t 1  |v 1  |3 Tomo I 
859 |a DERECHO  |b BIB. DERECHO  |h 345  |i TAZ  |p 009907  |t 1  |v 2  |3 Tomo II 
859 |a DERECHO  |b BIB. DERECHO  |h 345  |i TAZ  |p 009908  |t 1  |v 3  |3 Tomo III